Quizzes
Events
Quiz Creation
Community
Videos
Private Events
Remove Ads
Sign In
Join for FREE
Feedback
Dark Mode
Quiz Categories
Sports
Geography
Music
Movies
Television
Just For Fun
Miscellaneous
History
Literature
Language
Science
Gaming
Entertainment
Religion
Holiday
For Kids
Quiz Lab
Recent
Popular Today
Quiz Kudos Today
Editor Picks
Curator Picks
Quizzes by...
Day
Popularity
Type
Ratings
Length
Year
Community
Subscriptions
Recent Discussions
Orange Saloon
Badges
Playlists
Quests
Create
Leaderboards
Showdown
Live 5
Trivia Bingo
Activity
Puzzle Library
Sporcle Events
Private Events
Virtual Trivia
Globe League
Become a Host
Pub Owners
SporcleCon
Opinionation
Our Games
Videos
Blog
Mobile Apps
Partnerships
Remove Ads and Go Orange
Feedback
Sports
Athletes
MLB
NBA
NHL
NFL
Soccer
Sports Teams
WWE
NCAA
Football
Premier League
Basketball
Baseball
Hockey
Golf
Tennis
Cricket
Rugby
Auto Racing
Olympics
World Cup
Sports
Athletes
MLB
NBA
NHL
NFL
Soccer
Sports Teams
WWE
NCAA
Football
Premier League
Basketball
Baseball
Hockey
Golf
Tennis
Cricket
Rugby
Auto Racing
Olympics
World Cup
Random Quiz
Search Sporcle
×
Quiz Lab
Quiz Lab
Sports
Basketball
Type in answers that appear in a list
Type in answers that appear in a list
Classic
Best Score? Go Orange.
NBA West All Star Starters (1990s) Stats
Can you name the NBA West All Star Starters (1990s)?
By
J_A_F
5m
20 Questions
4,389 Plays
4,389 Plays
4,389 Plays
Comments
Comments
Give Quiz Kudos
Give Quiz Kudos
-
- Ratings
hide this ad
More Info
Replay
Link that replays current quiz
Next Quiz
Link to next quiz in quiz playlist
You Got
0%
They Got
Avg Score
82%
Avg Friend Score
Upgrade to see
Score Distribution
Jump to the score distribution portion of the page
Score
0/20
Timer
05:00
0
Plays Today
Team (Positon)
Name
% Correct
LAL (PG)
Magic Johnson
97.6%
UTH (PG)
John Stockton
97.4%
PHX (PG)
Kevin Johnson
97.2%
UTH (PF)
Karl Malone
96.2%
HOU (C)
Hakeem Olajuwon
94.2%
LAL (C)
Shaquille O'Neal
92.8%
LAL (SG)
Kobe Bryant
92.2%
SEA (PG)
Gary Payton
91.7%
MIN (PF)
Kevin Garnett
91.7%
POR (SG)
Clyde Drexler
91%
Team (Positon)
Name
% Correct
PHX (PF)
Charles Barkley
90.2%
SAS (C)
David Robinson
89.6%
LAL (SF)
James Worthy
88.8%
SEA (PF)
Shawn Kemp
87.7%
GSW (G/
F)
Chris Mullin
83.1%
Dal (PG)
Jason Kidd
81.9%
SAC (G/
F)
Mitch Richmond
66.3%
LAL (F)
A.C. Green
43.5%
PHX (SG)
Dan Majerle
41.8%
GSW (SF)
Latrell Sprewell
39.6%
Quiz Playlist
Details
Report
Send in Message
Add To Playlist
More Info:
Note- 1999 Had no All Star Game due to the Lockout
Classic:
Type in answers that appear in a list
Last Updated: May 14, 2018
Quiz Scoreboard
CHALLENGE
Sign Up to Join the Scoreboard
Show All
Scores
Hide
Comments
May contain spoilers
Recently Published
TV Characters by Other Roles V
by ghcgh
Television
5m
Decade Duel: World Leaders
by jenniferyan
History
4m
Alphabetical 'K' Countries by Flag Minefield
by ylime102
Geography
3m
More to Explore
Quiz From the Vault
Featured Blog Post
15 Basketball Trivia Facts You Can Be March Mad About
hide this ad
You Might Also Like...
Tags
Basketball Quiz
NBA Quiz
1990
All-Star
positon
star
Starter
team
West
Today's Top Quizzes in Sports
Browse Sports
hide this ad
Today's Top Quizzes in Basketball
Browse Basketball
Top Contributed Quizzes in Sports
1
Les joueurs à 100 buts en Ligue 1 Uber Eats
2
2022 World Cup Stars
3
Pick 6: NFL Teams
4
MLB 2 truths and a lie: Hall of Fame pitchers
5
Pick 6: Minor League Baseball
6
Millionaire: NBA Finals Edition
7
Pick 6: Olympics
8
Click the 1998 NBA Draft
9
Criteria MLB: Left Handed Sluggers
10
NBA Logic Puzzle 2.0
Explore More
Trending Topics
Crossword
Kpop
Anime
NBA
Disney
Harry Potter
Marvel
Song
WWE
Country
Puzzle
NFL
Soccer
Pokémon
The Office
hide this ad
More By:
J_A_F
Quiz
Plays
Rating
Category
Featured
Created
NBA West All Star Starters (2000s)
5,790
4.47
Sports
Aug 5, 2012
NBA West All Star Starters (1990s)
4,389
3.83
Sports
Aug 4, 2012
NBA Playoff 30 Point Games (2020s)
2,572
4.57
Sports
May 25, 2021
NBA Triple Doubles (2021)
1,762
5.00
Sports
May 22, 2021
Who beat Serena Williams?
1,727
5.00
Sports
Dec 6, 2018
Go to Creator's Profile
Score Distribution
Quiz Creator Spotlight
J_A_F
Follow
Send a Message
Quizzes Created
-
Created Quiz Play Count
-
More By This Creator
Popular Quizzes Today
1
Countries of Asia Without Outlines Minefield
2
Find the US States - No Outlines Minefield
3
Pick 6: Fruits
4
The Countries of the World
5
Alphabetical 'K' Countries by Flag Minefield
6
Find the Countries of Europe - No Outlines Minefield
7
US States
8
Find the US States
More Sports Quizzes
Sports points
Editor's Pick
Trending Quizzes
Pick 6: Mountains
Pick 6: Harry Potter
Pick 6: Flags
Pick 6: NFL Teams
Pick 6: Movie Franchises
Recently Updated
Adaptations: Name the Title
pecheneg
NWSL Teams
pecheneg
Women's Final Four Teams by Year
bhenderson79
Presidents Quartet II
eogle
Anything But Clue(do)
eogle
Anything But Oceanian Capitals
eogle
Anything But 7
eogle
Anything But Thing
eogle
Word Ladder: February 29
pecheneg
Song Title Questions
pecheneg
Trending Topics
Anime
Kpop
Marvel
Harry Potter
Crossword
Disney
NBA
NFL
Pokémon
Soccer
Song
Country
The Office
Puzzle
WWE
Your Account Isn't Verified!
In order to create a playlist on Sporcle, you need to verify the email address you used during registration. Go to your
Sporcle Settings
to finish the process.
Report this User
Report this user for behavior that violates our
Community Guidelines
.
Details:
Send Report
Go to the Sporcle.com Mobile Site →
Comments